000 00514nam a2200181Ia 4500
999 _c1175
_d1175
003 OSt
005 20210121114931.0
008 190216s9999||||xx |||||||||||||| ||und||
040 _coclc
082 _a575.1081
_bMUL/S
100 _aMuller, H J
_98332
245 0 _aStudies In Genetics /
_cH J Muller
250 _a1st Ed.
260 _bOxford And Ibh Publishing Co Pvt Ltd,
_c1969.
_aNew Delhi:
300 _a618p
650 _aBotany
942 _cBK
_2ddc
_h575.1081
_iMUL/S
_k575.1081
_mMUL/S